Movies Quiz

Random Movies or Director Quiz

Director's Previous Film Quiz Stats

 Plays Quiz Updated Mar 13, 2020

Support Sporcle.
Go Orange.
Score 0/25 Timer 08:00
0 Plays Today
Film ...and immediately before that, he made % Correct
Kill Bill: Vol. 1Jackie Brown
62.8%
Blade RunnerAlien
56%
SickoFahrenheit 9/11
48.6%
The Dark KnightThe Prestige
46.8%
North by NorthwestVertigo
40.8%
The Curious Case of Benjamin ButtonZodiac
33.8%
The MajesticThe Green Mile
26.4%
Night of the GhoulsPlan 9 from Outer Space
25.9%
Gran TorinoChangeling
24.9%
Paths of GloryThe Killing
21.7%
After HoursThe King of Comedy
18.6%
Back to the Future Part IIWho Framed Roger Rabbit
17.7%
BraveheartThe Man Without a Face
17.5%
Film ...and immediately before that, he made % Correct
Indiana Jones and the Last CrusadeEmpire of the Sun
15.7%
The City of Lost ChildrenDelicatessen
13.3%
A Beautiful MindHow the Grinch Stole Christmas
12%
Naked LunchDead Ringers
10.9%
Cul-de-sacRepulsion
10.4%
Seven Samurai Ikiru
8.6%
Moulin RougeThe African Queen
6.9%
City LightsThe Circus
6.4%
Winter LightThrough a Glass Darkly
5.5%
Stalag 17Ace in the Hole
5.4%
Atlantic CityPretty Baby
4.4%
Seven ChancesThe Navigator
2.7%

From the Vault

History Hunt: Greece

by hjckr

History 7m
History would get a lot cooler if we could prove some of those mythological figures definitely existed.
Remove Ads.
Support Sporcle.
Get the best of Sporcle when you Go Orange. This ad-free experience offers more features, more stats, and more fun while also helping to support Sporcle. Thank you for becoming a member.

Show Comments

Extras

Top Quizzes Today


Score Distribution

Your Account Isn't Verified!

In order to create a playlist on Sporcle, you need to verify the email address you used during registration. Go to your Sporcle Settings to finish the process.

Report this User

Report this user for behavior that violates our Community Guidelines.

Details: